Instructivo para la formación y operación de los Consejos de Colaboración Municipal /

Uloženo v:
Podrobná bibliografie
Korporativní autor: Jalisco
Médium: Kniha
Jazyk:španělština
Vydáno: Guadalajara, México : Gobierno del Estado de Jalisco, Secretaría General, 1979, c1979
Edice:(Textos Jalisco. Instructivos y Manuales ; 3)
Témata:
Tagy: Přidat tag
Žádné tagy, Buďte první, kdo vytvoří štítek k tomuto záznamu!

MARC

LEADER 00000nam^a2200000^a^4500
001 000311761
005 20250521000000.0
009 20260310113055.356
037 |a Acervo ITESO - Biblioteca 
041 |a ESP 
082 |a 323. 042  |b JAL 
110 |a Jalisco 
245 1 0 |a Instructivo para la formación y operación de los Consejos de Colaboración Municipal / 
264 4 |a Guadalajara, México :  |b Gobierno del Estado de Jalisco, Secretaría General,  |c 1979, c1979 
300 |a 1 folleto (22 p.) 
336 |a texto  |b txt  |2 rdacontenido 
337 |a sin mediación  |b n  |2 rdamedio 
338 |a volumen  |b nc  |2 rdasoporte 
440 1 |a (Textos Jalisco.  |p Instructivos y Manuales ;  |v 3) 
649 |a XX 
650 |a Consejos Ciudadanos 
910 |a Fondo General 
920 |a Impresos - Libros 
930 |a Colección General 
905 |a 101 
901 |a 0500198357  |b IT2  |c FOL  |i D52804  |u 20250521 
902 |a https://opac.biblio.iteso.mx/vufind/Record/000311761